000 00827cam a22002171 4500
001 gs 06000088
003 DLC
005 20260227111303.0
008 840613s1902 dcubf 000 0 eng c
010 _ags 06000088
035 _a(OCoLC)10840043
040 _aU.S. Geol. survey. Library
_cDSI
_dDLC
042 _apremarc
050 0 0 _aTN805
_b.P4585
100 1 _aStoek, H. H.
_q(Harry Harkness),
_d1866-1923.
245 1 4 _aThe Pennsylvania anthracite coal field,
_cby H. H. Stoek. Extract from the Twenty-second annual report of the [U. S. Geological] survey, 1900-1901. Part III--Coal, oil, cement.
260 _aWashington,
_bGovt. print. off.,
_c1902.
300 _a1 p. l., 55-117 p.
_b5 pl. (part fold., incl. map) diagrs.
_c30 cm.
504 _a"Literature": p. 117.
650 0 _aCoal mines and mining
_zPennsylvania.
999 _c24385
_d24385